Graduation - 2007 - Kanye West - Statistics

General Stats
  • This quiz has been taken 78 times
  • The average score is 11 of 14
Answer Stats
Track Answer % Correct
1 Good Morning
97%
14 Good Night (with Al Be Back and Mos Def)
89%
4 I Wonder
89%
3 Stronger (with Daft Punk)
89%
9 Flashing Lights (with Dwele)
86%
12 Homecoming (with Chris Martin)
86%
2 Champion
83%
7 Barry Bonds (with Lil Wayne)
81%
5 Good Life (with T-Pain)
79%
13 Big Brother
78%
6 Can't Tell Me Nothing
78%
8 Drunk and Hot Girls (with Mos Def)
76%
11 The Glory
76%
10 Everything I Am (with DJ Premier)
62%
No matching quizzes found
Score Distribution
Percent of People with Each Score
Percentile by Number Answered
Your Score History
You have not taken this quiz